Statistics for Wikipedia Articles by mentions of 'War'

Click here to take the quiz!

General Stats

  • This quiz has been taken 44 times
  • The average score is 26 of 40

Answer Stats

TotalCountry% Correct
119United States
100%
52China
95%
80France
95%
60United Kingdom
95%
83Russia
93%
75Italy
88%
72Spain
85%
71North Korea
83%
92South Korea
83%
51Iran
80%
53Iraq
80%
53Mexico
78%
86Israel
75%
81Syria
75%
65Turkey
75%
81Afghanistan
73%
79Pakistan
73%
65Ukraine
73%
50Canada
70%
63Vietnam
70%
59Greece
68%
70DR Congo
65%
54Netherlands
63%
69Serbia
63%
61Hungary
60%
74Sweden
60%
63Cuba
53%
67Libya
50%
58Kosovo
48%
58Lebanon
48%
57Philippines
48%
58Bangladesh
45%
55Bosnia and Herzegovina
45%
54Georgia
45%
50Latvia
45%
52Dominican Republic
43%
53North Macedonia
40%
62Somalia
40%
56Estonia
38%
58Sierra Leone
10%

Score Distribution

Percentile by Number Answered

Percent of People with Each Score

Your Score History

You have not taken this quiz